Sun Tzu estrategias de Marketing
| Main Authors: | , |
|---|---|
| Format: | Section = Libro |
| Language: | Undetermined Spanish |
| Published: |
México
McGraw-Hill
2004
|
| Subjects: |
| LEADER | 00649nam a2200229Ia 4500 | ||
|---|---|---|---|
| 008 | 240829s9999 xx 000 0 und d | ||
| 020 | |a 84-481-4187-3 | ||
| 040 | |a BIBLIOTECA-RUSB/ 658.8 M621 | ||
| 041 | |a spa | ||
| 082 | |a 658.8 M621 | ||
| 100 | 1 | |a Michaelson, Gerald A. | |
| 100 | 1 | |b Michael, Steven M | |
| 245 | 1 | 0 | |a Sun Tzu estrategias de Marketing |
| 260 | |a México |b McGraw-Hill |c 2004 | ||
| 300 | |a 193 p. :il. | ||
| 650 | 7 | |a ADMINISTRACION DE LA DISTRIBUCION MERCADO | |
| 650 | 7 | |b MERCADO - ESTRATEGIAS - ORGANIZACION - MERCADO | |
| 650 | 7 | |c ESTRUCTURA DE MANDO | |
| 650 | 7 | |d LIDERAZGO | |
| 942 | |c BK |2 ddc | ||
| 991 | |a TEXTO | ||
| 999 | |c 4257 | ||